Statistics for Dungeons & Dragons Cantrips

Click here to take the quiz!

General Stats

  • This quiz has been taken 35 times
  • The average score is 25 of 45

Answer Stats

SchoolRangeDurationComponentsAnswer% Correct
Evocation120 feetInstantaneousV, SEldritch Blast
87%
Evocation120 feetInstantaneousV, SFire Bolt
87%
EvocationTouch1 hourV, MLight
87%
DivinationTouchConcentration, up to 1 minuteV, SGuidance
80%
Necromancy120 feet1 roundV, SChill Touch
77%
Conjuration30 feet1 minuteV, SMage Hand
77%
Illusion30 feet1 minuteS, MMinor Illusion
73%
Evocation60 feetInstantaneousV, SRay of Frost
73%
Evocation120 feetConcentration, up to 1 minuteV, S, MDancing Lights
70%
Transmutation30 feetUp to 1 minuteVThaumaturgy
70%
EnchantmentSelfConcentration, up to 1 minuteS, MFriends
67%
Transmutation10 feetUp to 1 hourV, SPrestidigitation
67%
Evocation60 feetInstantaneousV, SSacred Flame
67%
Divination30 feetConcentration, up to 1 roundSTrue Strike
67%
Conjuration60 feetInstantaneousV, SAcid Splash
63%
AbjurationSelf1 roundV, SBlade Ward
63%
Transmutation30 feetInstantaneousV, SDruidcraft
60%
TransmutationTouchInstantaneousV, S, MMending
60%
Conjuration10 feetInstantaneousV, SPoison Spray
60%
EvocationTouchInstantaneousV, SShocking Grasp
60%
Transmutation30 feetInstantaneousV, S, MThorn Whip
60%
Transmutation120 feet1 roundV, S, MMessage
57%
Transmutation30 feetInstantaneousV, SGust
53%
Necromancy60 feetInstantaneousV, SToll the Dead
53%
Transmutation30 feetInstantaneous or 1 hourSShape Water
50%
EvocationSelf (5-foot radius)InstantaneousSThunderclap
50%
Conjuration60 feetConcentration, up to 1 minuteV, SCreate Bonfire
47%
AbjurationTouchConcentration, up to 1 minuteV, S, MResistance
47%
TransmutationTouch1 minuteV, S, MShillelagh
47%
NecromancyTouchInstantaneousV, SSpare the Dying
47%
Enchantment60 feetInstantaneousVVicious Mockery
47%
Transmutation60 feetInstantaneous or 1 hourSControl Flames
43%
EvocationSelf (5-foot radius)InstantaneousS, MGreen-Flame Blade
43%
Transmutation30 feetInstantaneous or 1 hourSMold Earth
43%
ConjurationSelf10 minutesV, SProduce Flame
43%
EvocationSelf (5-foot radius)1 roundS, MBooming Blade
40%
Evocation60 feetInstantaneousV, SFrostbite
40%
Evocation5 feetInstantaneousV, MWord of Radiance
40%
EvocationSelf (15-foot radius)InstantaneousVLightning Lure
37%
TransmutationTouch1 minuteV, SMagic Stone
37%
TransmutationSelfInstantaneousSPrimal Savagery
37%
Conjuration30 feetInstantaneousV, S, MInfestation
33%
EnchantmentSelf8 hoursSEncode Thoughts
30%
ConjurationSelf (5-foot radius)InstantaneousVSword Burst
30%
Enchantment60 feet1 roundVMind Sliver
27%

Score Distribution

Percentile by Number Answered

Percent of People with Each Score

Your Score History

You have not taken this quiz